[Event "Khanty-Mansiysk Governor Cup-B 9th"]
[Site "Khanty-Mansiysk"]
[Date "2013.12.02"]
[Round "5"]
[White "Mikhailenko, Galina"]
[Black "Sidorov, Gennady"]
[Result "1/2-1/2"]
[WhiteElo "1839"]
[BlackElo "1863"]
[PlyCount "28"]
[EventDate "2013.11.28"]
[EventType "swiss"]
[EventRounds "9"]
[EventCountry "RUS"]
[SourceTitle "CBM 157 Extra"]
[Source "ChessBase"]
[SourceDate "2013.12.19"]
[SourceVersion "1"]
[SourceVersionDate "2013.12.19"]
[SourceQuality "1"]

1. e4 c5 2. f4 Nc6 3. Nf3 e6 4. Nc3 d5 5. e5 Nge7 6. Be2 Nf5 7. 0-0 Be7 8. d3 a6 9. a4 h6 10. Bd2 g5 11. g4 Nfd4 12. Nxd4 Nxd4 13. Bf3 Bd7 14. Bg2 Bc6 1/2-1/2

[Event "Khanty-Mansiysk Governor Cup-B 9th"]
[Site "Khanty-Mansiysk"]
[Date "2013.12.01"]
[Round "4"]
[White "Chigaeva, Anastasia"]
[Black "Mikhailenko, Galina"]
[Result "1-0"]
[WhiteElo "2042"]
[BlackElo "1839"]
[PlyCount "48"]
[EventDate "2013.11.28"]
[EventType "swiss"]
[EventRounds "9"]
[EventCountry "RUS"]
[SourceTitle "CBM 157 Extra"]
[Source "ChessBase"]
[SourceDate "2013.12.19"]
[SourceVersion "1"]
[SourceVersionDate "2013.12.19"]
[SourceQuality "1"]

1. e4 e6 2. d3 d5 3. Qe2 d4 4. Nf3 c5 5. g3 Nc6 6. e5 Nge7 7. Bg2 Ng6 8. 0-0 Qc7 9. Re1 Bd7 10. Nbd2 0-0-0 11. a4 h6 12. Nc4 Be7 13. h4 f5 14. h5 Nf8 15. Nd6+ Bxd6 16. exd6 Qb8 17. Ne5 Be8 18. Bxc6 bxc6 19. d7+ Rxd7 20. Nxd7 Bxd7 21. Bf4 Qb7 22. Ra3 Kd8 23. Rb3 Qa6 24. Qe5 Ke7 1-0

[Event "Volgodonsk op"]
[Site "Volgodonsk"]
[Date "2007.07.26"]
[Round "8"]
[White "Kostrikina, Anna"]
[Black "Mikhailenko, Galina"]
[Result "1-0"]
[WhiteElo "2158"]
[BlackElo "1966"]
[PlyCount "77"]
[EventDate "2007.07.19"]
[EventType "swiss"]
[EventRounds "9"]
[EventCountry "RUS"]
[SourceTitle "EXT 2010"]
[Source "ChessBase"]
[SourceDate "2010.11.25"]
[SourceVersion "1"]
[SourceVersionDate "2010.11.25"]
[SourceQuality "1"]

1. e4 e6 2. d4 d5 3. Nd2 Nf6 4. e5 Nfd7 5. Bd3 c5 6. c3 Nc6 7. Ne2 cxd4 8. cxd4 Qb6 9. Nf3 Bb4+ 10. Bd2 Be7 11. Bc3 f6 12. exf6 Nxf6 13. 0-0 0-0 14. a3 Bd7 15. Qc2 Rac8 16. Rac1 Bd6 17. Qb1 Bb8 18. Rce1 Qd8 19. Ng3 Bf4 20. Bc2 g6 21. Re2 Kg7 22. Rfe1 Qe8 23. Qd1 Qf7 24. Bd3 a6 25. Bb1 Ng4 26. h3 Nh6 27. Nf1 Rce8 28. N1h2 Qf6 29. Qb3 b5 30. Qd1 Rf7 31. Nf1 Ref8 32. N1d2 Kg8 33. Nb3 Bd6 34. Bd2 Bf4 35. Bxf4 Qxf4 36. Nc5 Nd8 37. Nxa6 Nf5 38. Qd2 Qd6 39. Nc5 1-0